[Event "2BLN 2223 SK König Tegel - Hamburger S"]
[Site "?"]
[Date "2023.02.05"]
[Round "6.3"]
[White "Roebers, Eline"]
[Black "Mueller, Nick"]
[Result "1-0"]
[WhiteElo "2360"]
[BlackElo "2369"]
[PlyCount "85"]
[EventDate "2023.??.??"]

1. e4 e6 2. d4 d5 3. Nc3 Nf6 4. e5 Nfd7 5. f4 c5 6. Nf3 Nc6 7. Be3 cxd4 8. Nxd4 Qb6 9. Qd2 Qxb2 10. Rb1 Qa3 11. Bb5 Nxd4 12. Bxd4 a6 13. Bxd7+ Bxd7 14. Rb3 Qe7 15. Rxb7 Qh4+ 16. g3 Qd8 17. Kf2 Ba3 18. f5 Rc8 19. Qe3 O-O 20. Ne2 Bc6 21. f6 Re8 22. Qg5 Bf8 23. Bb6 Bxb7 24. Bxd8 Rexd8 25. Rb1 Rd7 26. c3 g6 27. Qd2 d4 28. cxd4 Rdc7 29. Qe3 h5 30. h4 Kh7 31. Qd3 Bd5 32. Rb2 a5 33. g4 hxg4 34. h5 Bh6 35. hxg6+ fxg6 36. Kg3 Bf3 37. Nf4 Rg8 38. Rh2 Rc1 39. Nxe6 Rg1+ 40. Kf2 g3+ 41. Kxg1 gxh2+ 42. Kxh2 Bd5 43. Ng5+ 1-0

[Event "2BLN 2223 SK König Tegel - Hamburger S"]
[Site "?"]
[Date "2023.02.05"]
[Round "6.4"]
[White "Rietze, Clemens"]
[Black "Bracker, Frank"]
[Result "1/2-1/2"]
[WhiteElo "2321"]
[BlackElo "2338"]
[PlyCount "81"]
[EventDate "2023.??.??"]

1. d4 d5 2. c4 e6 3. Nf3 Nf6 4. Nc3 Nbd7 5. Bf4 dxc4 6. e3 Nd5 7. Bxc4 Nxf4 8. exf4 Nb6 9. Bb3 g6 10. Qe2 Bg7 11. Rd1 O-O 12. h4 Nd5 13. g3 Nxc3 14. bxc3 c5 15. Kf1 Qa5 16. Qe3 b6 17. Ne5 Bb7 18. Rh3 Rac8 19. g4 cxd4 20. cxd4 Bd5 21. h5 Qb5+ 22. Kg1 Bxb3 23. axb3 Rfd8 24. hxg6 hxg6 25. Qg3 Bxe5 26. fxe5 Qe2 27. Qh4 Qxd1+ 28. Kh2 Kf8 29. Qf6 Ke8 30. Rh8+ Kd7 31. Qxf7+ Kc6 32. Qxe6+ Kb7 33. Qe7+ Rc7 34. Qxd8 Qxg4 35. Qh4 Qf5 36. Rh7 Rxh7 37. Qxh7+ Kc6 38. Qh4 g5 39. Qg3 Kd5 40. Qe3 a5 41. Kg2 1/2-1/2

[Event "2BLN 2223 SK König Tegel - Hamburger S"]
[Site "?"]
[Date "2023.02.05"]
[Round "6.5"]
[White "Colpe, Malte"]
[Black "Sarbok, Torsten"]
[Result "1-0"]
[WhiteElo "2347"]
[BlackElo "2346"]
[PlyCount "49"]
[EventDate "2023.??.??"]

1. e4 c5 2. Nf3 d6 3. d4 cxd4 4. Nxd4 Nf6 5. Nc3 a6 6. Rg1 Nc6 7. g4 e6 8. g5 Nd7 9. Be3 Nde5 10. Nxc6 bxc6 11. f4 Nd7 12. Bc4 Qa5 13. Bb3 Nc5 14. Qf3 Rb8 15. O-O-O Nxb3+ 16. cxb3 h6 17. g6 Rb7 18. f5 f6 19. e5 d5 20. exf6 gxf6 21. fxe6 Bg7 22. Na4 O-O 23. Qh5 Bxe6 24. Bxh6 Qb4 25. Bd2 1-0

[Event "2BLN 2223 SK König Tegel - Hamburger S"]
[Site "?"]
[Date "2023.02.05"]
[Round "6.6"]
[White "Von Herman, Ulf"]
[Black "Woelk, Tom-Frederic"]
[Result "0-1"]
[WhiteElo "2334"]
[BlackElo "2268"]
[PlyCount "68"]
[EventDate "2023.??.??"]

1. d4 Nf6 2. c4 e6 3. Nc3 Bb4 4. Bd2 b6 5. Nf3 O-O 6. g3 Ba6 7. Qa4 c5 8. a3 Bxc3 9. Bxc3 d5 10. cxd5 exd5 11. e3 Bxf1 12. Kxf1 c4 13. Qc2 Nc6 14. Ne5 Qc7 15. Nxc6 Qxc6 16. a4 Rfe8 17. Kg2 Re6 18. Rhc1 Qd7 19. Qf5 Ne4 20. Be1 Rae8 21. Qg4 Qd8 22. b3 cxb3 23. Rcb1 Rg6 24. Qe2 Qc8 25. h4 Qc4 26. Rb2 Rc8 27. Qd1 Rf6 28. h5 h6 29. Ra3 Qc1 30. Qxc1 Rxc1 31. Kf1 Nxg3+ 32. Kg2 Ne4 33. Kf1 Nxf2 34. Ke2 Rxe1+ 0-1

[Event "2BLN 2223 SK König Tegel - Hamburger S"]
[Site "?"]
[Date "2023.02.05"]
[Round "6.7"]
[White "Papp, Sarah"]
[Black "Dimitrijeski, Boris"]
[Result "1-0"]
[WhiteElo "2293"]
[BlackElo "2221"]
[PlyCount "67"]
[EventDate "2023.??.??"]

1. e4 e5 2. Nf3 Nc6 3. Bb5 a6 4. Ba4 Nf6 5. O-O Be7 6. Re1 b5 7. Bb3 O-O 8. a4 Bb7 9. Nc3 b4 10. Nd5 d6 11. a5 Nb8 12. d4 Nxd5 13. exd5 Nd7 14. Ra4 c5 15. dxe5 Nxe5 16. Nxe5 dxe5 17. Rxe5 Bf6 18. Re4 Re8 19. Rxe8+ Qxe8 20. Be3 Rc8 21. c3 bxc3 22. bxc3 Bxc3 23. Rf4 Be5 24. Rg4 Qb5 25. h4 c4 26. Bd4 f6 27. Bxe5 fxe5 28. Bc2 Qxd5 29. Qb1 Rd8 30. Bxh7+ Kh8 31. Qg6 Rd7 32. Qh5 Qd1+ 33. Kh2 Qd6 34. Bf5+ 1-0

[Event "2BLN 2223 SK König Tegel - Hamburger S"]
[Site "?"]
[Date "2023.02.05"]
[Round "6.8"]
[White "Acikel, Mert"]
[Black "Hommer, Jeremy"]
[Result "1/2-1/2"]
[WhiteElo "2229"]
[BlackElo "2245"]
[PlyCount "132"]
[EventDate "2023.??.??"]

1. e4 c6 2. Nc3 d5 3. Nf3 dxe4 4. Nxe4 Nf6 5. Qe2 Nxe4 6. Qxe4 Nd7 7. Bc4 Nf6 8. Ne5 e6 9. Qe2 b5 10. Bb3 Bd6 11. d4 Qc7 12. O-O O-O 13. Re1 c5 14. dxc5 Qxc5 15. Bf4 Bb7 16. Rad1 a6 17. Nd7 Nxd7 18. Rxd6 Nf6 19. Qe5 Qxe5 20. Bxe5 Rfd8 21. Red1 Nd5 22. Rxd8+ Rxd8 23. a4 f6 24. Bg3 Kf7 25. axb5 axb5 26. c4 bxc4 27. Bxc4 Ke7 28. f3 Rc8 29. Bd3 h6 30. Ra1 Ra8 31. Rxa8 Bxa8 32. Kf2 e5 33. Ke2 Nb4 34. Be4 Bc6 35. Be1 Bb5+ 36. Kd2 Ke6 37. Bf2 f5 38. Bb1 Nd5 39. g3 g5 40. Bc5 h5 41. b4 g4 42. fxg4 hxg4 43. Bd3 Nc7 44. Bb6 Bxd3 45. Kxd3 Kd7 46. Kc4 Kc6 47. Bc5 Nb5 48. Kd3 Kd5 49. Bb6 Nd6 50. Ba7 Nb5 51. Bb6 Kc6 52. Bc5 Nd6 53. Ba7 Kd5 54. Bc5 Nc4 55. Kc3 e4 56. Be7 Na3 57. Kd2 Kc4 58. Bc5 Nb5 59. Ke3 Kd5 60. Bb6 Ke5 61. Bc5 Nc7 62. Bd4+ Ke6 63. Bc5 Ke5 64. Bd4+ Kd5 65. Ba7 Nb5 66. Bc5 Ke6 1/2-1/2

[Event "2BLN 2223 SK König Tegel - SV Werder Br"]
[Site "?"]
[Date "2023.02.25"]
[Round "7.1"]
[White "Nyback, Tomi"]
[Black "Rabiega, Robert"]
[Result "1-0"]
[WhiteElo "2567"]
[BlackElo "2477"]
[PlyCount "73"]
[EventDate "2023.??.??"]

1. Nf3 d5 2. g3 Bg4 3. Bg2 Nd7 4. c4 e6 5. cxd5 exd5 6. O-O Ngf6 7. h3 Bxf3 8. exf3 Be7 9. f4 O-O 10. d3 c6 11. Nd2 Re8 12. Nf3 a5 13. Be3 a4 14. Qc2 Qa5 15. Rab1 Bf8 16. Rfc1 Rac8 17. h4 h6 18. Bh3 Ra8 19. Bd4 c5 20. Bc3 Qd8 21. b4 axb3 22. Qxb3 b5 23. Qxb5 d4 24. Bd2 Rxa2 25. Ra1 Rxa1 26. Rxa1 Qc7 27. Qa6 Rb8 28. Ne5 Rb6 29. Qa5 Nxe5 30. fxe5 Nd5 31. Re1 Nc3 32. e6 fxe6 33. Bxe6+ Kh7 34. Qa8 Rb8 35. Qf3 Qb7 36. Qg4 Qc6 37. h5 1-0

[Event "2BLN 2223 SK König Tegel - SV Werder Br"]
[Site "?"]
[Date "2023.02.25"]
[Round "7.2"]
[White "Richter, Michael"]
[Black "Carlstedt, Jonathan"]
[Result "0-1"]
[WhiteElo "2472"]
[BlackElo "2437"]
[PlyCount "62"]
[EventDate "2023.??.??"]

1. d4 Nf6 2. Nf3 d5 3. c4 e6 4. Nc3 c5 5. e3 a6 6. cxd5 exd5 7. Be2 Nc6 8. O-O Be6 9. b3 cxd4 10. Nxd4 Bd6 11. Nxc6 bxc6 12. Bb2 h5 13. Qd4 c5 14. Qa4+ Kf8 15. f3 h4 16. Qc6 Qb8 17. Bxa6 Bxh2+ 18. Kh1 h3 19. f4 hxg2+ 20. Kxg2 d4 21. Qxc5+ Kg8 22. Qxd4 Rxa6 23. Rfd1 Qb7+ 24. e4 Bxf4 25. Qd8+ Kh7 26. Rh1+ Bh6 27. Qd4 Bf5 28. Raf1 Bxe4+ 29. Nxe4 Qxe4+ 30. Qxe4+ Nxe4 31. Rxf7 Kg6 0-1

[Event "2BLN 2223 SK König Tegel - SV Werder Br"]
[Site "?"]
[Date "2023.02.25"]
[Round "7.3"]
[White "Meins, Gerlef"]
[Black "Bruedigam, Martin"]
[Result "0-1"]
[WhiteElo "2424"]
[BlackElo "2384"]
[PlyCount "56"]
[EventDate "2023.??.??"]

1. Nf3 e6 2. c4 a6 3. e4 c5 4. Nc3 Nc6 5. d4 cxd4 6. Nxd4 d6 7. Be3 Nf6 8. Be2 Be7 9. O-O O-O 10. Qd2 Qc7 11. Rac1 Ne5 12. f3 Bd7 13. b3 Rac8 14. Rfd1 Qb8 15. a4 Rfd8 16. a5 Ng6 17. Nc2 h5 18. Bb6 Re8 19. Bf1 h4 20. Ne3 Nh5 21. c5 d5 22. b4 Bg5 23. Qf2 Bf4 24. g3 hxg3 25. hxg3 Bxg3 26. Qg2 Nh4 27. Qh1 Bh2+ 28. Kf2 Qg3+ 0-1

[Event "2BLN 2223 SK König Tegel - SV Werder Br"]
[Site "?"]
[Date "2023.02.25"]
[Round "7.4"]
[White "Mueller, Nick"]
[Black "Colbow, Collin"]
[Result "0-1"]
[WhiteElo "2369"]
[BlackElo "2395"]
[PlyCount "72"]
[EventDate "2023.??.??"]

1. d4 Nf6 2. c4 e6 3. g3 d5 4. Bg2 dxc4 5. Nf3 c6 6. O-O b5 7. Ne5 Nd5 8. a4 a6 9. e4 Nc7 10. Qh5 g6 11. Qf3 f6 12. Ng4 Bg7 13. Rd1 O-O 14. b3 h5 15. Ne3 cxb3 16. Bb2 Nd7 17. Nd2 Rb8 18. a5 Bb7 19. Nxb3 f5 20. Qf4 fxe4 21. Qxe4 Qe8 22. Qc2 Nd5 23. Re1 Qf7 24. Ba3 c5 25. Nxd5 Bxd5 26. Bxd5 exd5 27. dxc5 Ne5 28. Nd4 Ng4 29. Rad1 Nxf2 30. Rd2 Ne4 31. c6 b4 32. c7 Nxd2 33. Qxd2 Qxc7 34. Bb2 b3 35. Kh1 Qf7 36. Kg2 Rbc8 0-1

[Event "2BLN 2223 SK König Tegel - SV Werder Br"]
[Site "?"]
[Date "2023.02.25"]
[Round "7.5"]
[White "Joachim, Sven"]
[Black "Fruebing, Stefan"]
[Result "1/2-1/2"]
[WhiteElo "2391"]
[BlackElo "2341"]
[PlyCount "59"]
[EventDate "2023.??.??"]

1. e4 e5 2. Nf3 Nc6 3. Nc3 Nf6 4. d4 exd4 5. Nxd4 Bb4 6. Nxc6 bxc6 7. Bd3 d5 8. Bd2 O-O 9. O-O Rb8 10. Re1 dxe4 11. Nxe4 Nxe4 12. Rxe4 Bxd2 13. Qxd2 Rxb2 14. Qc3 Qf6 15. Qxf6 gxf6 16. Ra4 a6 17. Re1 Rd8 18. h3 Be6 19. Rxa6 c5 20. Rc6 Rxa2 21. Rxc5 Rd7 22. Rb1 Kg7 23. Rb7 c6 24. Rb4 Rd6 25. Rh5 h6 26. Rbh4 Bb3 27. Rxh6 Bxc2 28. Rh7+ Kf8 29. Rh8+ Ke7 30. Bxc2 1/2-1/2

[Event "2BLN 2223 SK König Tegel - SV Werder Br"]
[Site "?"]
[Date "2023.02.25"]
[Round "7.6"]
[White "Rietze, Clemens"]
[Black "Kollen, Zyon"]
[Result "1/2-1/2"]
[WhiteElo "2321"]
[BlackElo "2361"]
[PlyCount "43"]
[EventDate "2023.??.??"]

1. d4 e6 2. c4 Nf6 3. Nf3 b6 4. g3 Ba6 5. Qc2 Bb4+ 6. Bd2 Be7 7. Bg2 c6 8. O-O O-O 9. Rd1 d5 10. b3 Nbd7 11. a4 Rc8 12. Na3 Bxa3 13. Rxa3 c5 14. dxc5 Nxc5 15. Bb4 Qc7 16. Nd4 dxc4 17. bxc4 Rfd8 18. Nb5 Rxd1+ 19. Qxd1 Bxb5 20. cxb5 Nce4 21. Rd3 h5 22. Bf3 1/2-1/2

[Event "2BLN 2223 SK König Tegel - SV Werder Br"]
[Site "?"]
[Date "2023.02.25"]
[Round "7.7"]
[White "Breutigam, Martin"]
[Black "Sarbok, Torsten"]
[Result "1/2-1/2"]
[WhiteElo "2355"]
[BlackElo "2346"]
[PlyCount "49"]
[EventDate "2023.??.??"]

1. d4 d5 2. Nf3 Nf6 3. e3 c6 4. h3 Bf5 5. g4 Be4 6. Nc3 h6 7. Nxe4 Nxe4 8. Bd3 Nd6 9. Ne5 e6 10. Qf3 Nd7 11. Bd2 Nxe5 12. dxe5 Nc8 13. O-O-O Qc7 14. Qg3 Nb6 15. f4 O-O-O 16. Ba5 Kb8 17. Kb1 f6 18. Rhf1 Be7 19. Rf3 Rdf8 20. Rdf1 fxe5 21. fxe5 Rxf3 22. Rxf3 Rf8 23. Rxf8+ Bxf8 24. Qf4 Qe7 25. Bxb6 1/2-1/2

[Event "2BLN 2223 SK König Tegel - SV Werder Br"]
[Site "?"]
[Date "2023.02.25"]
[Round "7.8"]
[White "Von Herman, Ulf"]
[Black "Richter, Christian"]
[Result "1/2-1/2"]
[WhiteElo "2334"]
[BlackElo "2360"]
[PlyCount "57"]
[EventDate "2023.??.??"]

1. d4 Nf6 2. Nc3 d5 3. Bf4 a6 4. e3 e6 5. Bd3 c5 6. dxc5 Bxc5 7. Nf3 Nc6 8. O-O Bd6 9. Bg5 h6 10. Bh4 Be7 11. a3 Qc7 12. Re1 Bd7 13. Qe2 O-O 14. Rad1 Rad8 15. Bg3 Bd6 16. Bxd6 Qxd6 17. e4 dxe4 18. Nxe4 Qe7 19. c4 Bc8 20. Nxf6+ Qxf6 21. Be4 Rxd1 22. Rxd1 Rd8 23. Rxd8+ Nxd8 24. h3 Kf8 25. Qd2 Ke8 26. Qb4 Qf4 27. c5 Qc1+ 28. Kh2 f5 29. Bd3 1/2-1/2

[Event "2BLN 2223 SK Zehlendorf - HSK Lister Tu"]
[Site "?"]
[Date "2023.02.25"]
[Round "7.1"]
[White "Abel, Dennes"]
[Black "Sawlin, Leonid"]
[Result "1-0"]
[WhiteElo "2393"]
[BlackElo "2409"]
[PlyCount "131"]
[EventDate "2023.??.??"]

1. Nf3 d5 2. e3 Nf6 3. c4 c6 4. Nc3 Nbd7 5. Qc2 Nb6 6. cxd5 Nbxd5 7. Nxd5 Nxd5 8. b3 Qd6 9. a3 Bg4 10. Bb2 Bh5 11. Ne5 Bg6 12. e4 Nc7 13. d4 Ne6 14. O-O-O O-O-O 15. h4 f6 16. Nxg6 hxg6 17. g3 Nc7 18. f4 Qd7 19. d5 e6 20. Bh3 cxd5 21. exd5 Qb5 22. dxe6 Be7 23. Rd7 Rxd7 24. exd7+ Kd8 25. Kb1 Qc6 26. Qxc6 bxc6 27. Rc1 c5 28. Re1 Bd6 29. Bc3 Nb5 30. Ba5+ Bc7 31. Bxc7+ Nxc7 32. Re4 f5 33. Re5 Kxd7 34. Rxc5 Re8 35. Kb2 Kd6 36. Re5 Rxe5 37. fxe5+ Kxe5 38. Bg2 Kd4 39. b4 Ke3 40. a4 Kf2 41. Bc6 Kxg3 42. Kc3 f4 43. b5 f3 44. Be4 f2 45. Bd3 Nd5+ 46. Kd4 Nf4 47. Bf1 Kf3 48. a5 Ne2+ 49. Ke5 Ng3 50. Bh3 Nf5 51. b6 axb6 52. axb6 Ne7 53. Kd6 Nf5+ 54. Kd7 Kg3 55. Bf1 Ne3 56. Be2 f1=Q 57. Bxf1 Nxf1 58. b7 Kxh4 59. b8=Q Ng3 60. Qd8+ g5 61. Ke6 Kg4 62. Qd4+ Kf3 63. Ke5 Nf1 64. Qe4+ Kg3 65. Qd3+ Kf2 66. Kf5 1-0

[Event "2BLN 2223 SK Zehlendorf - HSK Lister Tu"]
[Site "?"]
[Date "2023.02.25"]
[Round "7.2"]
[White "Lagunow, Raphael"]
[Black "Pfreundt, Jakob"]
[Result "1-0"]
[WhiteElo "2401"]
[BlackElo "2413"]
[PlyCount "70"]
[EventDate "2023.??.??"]

1. e4 e6 2. d4 d5 3. e5 c5 4. c3 Nc6 5. Nf3 Bd7 6. Bd3 cxd4 7. cxd4 Qb6 8. O-O Nxd4 9. Nxd4 Qxd4 10. Qe2 Ne7 11. Nc3 Nc6 12. Re1 a6 13. Kh1 h5 14. a3 Qg4 15. f3 Qh4 16. Be3 Qd8 17. Bf2 h4 18. f4 h3 19. g3 Na5 20. Kg1 Rc8 21. f5 Be7 22. f6 gxf6 23. exf6 Bxf6 24. Nxd5 Bc6 25. Nxf6+ Qxf6 26. Bb6 Nb3 27. Rf1 Qg7 28. Rad1 Bd5 29. Bxa6 Kf8 30. Rxd5 exd5 31. Bxb7 Re8 32. Qf2 Rh6 33. Bxd5 Rb8 34. Bc7 Rb5 35. Bxf7 Nc5 1-0

[Event "2BLN 2223 SK Zehlendorf - HSK Lister Tu"]
[Site "?"]
[Date "2023.02.25"]
[Round "7.3"]
[White "Hoeffer, David"]
[Black "Tazbir, Marcin"]
[Result "0-1"]
[WhiteElo "2314"]
[BlackElo "2508"]
[PlyCount "78"]
[EventDate "2023.??.??"]

1. d4 d5 2. Nc3 Nf6 3. Bf4 c6 4. e3 g6 5. h3 Bg7 6. Nf3 O-O 7. Be2 b6 8. Ne5 Nfd7 9. h4 Nxe5 10. Bxe5 f6 11. Bg3 e5 12. h5 Be6 13. hxg6 hxg6 14. a4 Qe7 15. a5 b5 16. Bd3 e4 17. Be2 a6 18. Na2 f5 19. Qd2 c5 20. c3 Nc6 21. b4 cxd4 22. cxd4 Rac8 23. Rc1 g5 24. Rc5 f4 25. Bh2 Qf6 26. Bg1 Nxd4 27. exd4 Qxd4 28. Qxd4 Bxd4 29. Rxc8 Rxc8 30. Rh5 Rc2 31. Rxg5+ Kf8 32. Bg4 Ke7 33. Bh2 Bxg4 34. Rxg4 Bxf2+ 35. Kd1 Rxa2 36. Bxf4 e3 37. Bxe3 Bxe3 38. Rg6 d4 39. Rg4 Kf6 0-1

[Event "2BLN 2223 SK Zehlendorf - HSK Lister Tu"]
[Site "?"]
[Date "2023.02.25"]
[Round "7.4"]
[White "Brodowski, Piotr"]
[Black "Hampel, Felix"]
[Result "1/2-1/2"]
[WhiteElo "2455"]
[BlackElo "2333"]
[PlyCount "113"]
[EventDate "2023.??.??"]

1. Nf3 Nf6 2. c4 g6 3. Nc3 Bg7 4. e4 d6 5. d4 O-O 6. Be2 e5 7. Be3 Ng4 8. Bg5 f6 9. Bc1 Nc6 10. h3 exd4 11. Nxd4 Nxd4 12. Qxd4 Ne5 13. Be3 f5 14. Qd2 Be6 15. exf5 Rxf5 16. b3 Rf7 17. Rd1 Qh4 18. O-O Nc6 19. Nd5 Raf8 20. Bg5 Qe4 21. Bd3 Qd4 22. Be3 Qh4 23. Bg5 Qd4 24. Qe2 Qe5 25. Qxe5 Nxe5 26. Be4 h6 27. Be3 Kh7 28. f4 Nc6 29. Bf3 Re8 30. Rfe1 Bf5 31. g4 Be4 32. Kf2 Bxf3 33. Kxf3 Ref8 34. Kg3 a5 35. Bd2 Rb8 36. Re4 b5 37. Rc1 b4 38. Be3 Nd8 39. Rd1 Nb7 40. Bf2 Rbf8 41. Rde1 c6 42. Ne7 Be5 43. Nxc6 Bxf4+ 44. Kg2 Bg5 45. R1e2 Nc5 46. Bxc5 dxc5 47. Ne5 Rc7 48. Nf3 Bf4 49. Re7+ Rf7 50. Rxc7 Rxc7 51. Re6 a4 52. Ne1 axb3 53. axb3 Rd7 54. Kf3 g5 55. Rc6 Rd1 56. Ng2 Rd3+ 57. Ke4 1/2-1/2

[Event "2BLN 2223 SK Zehlendorf - HSK Lister Tu"]
[Site "?"]
[Date "2023.02.25"]
[Round "7.5"]
[White "Schulze, Torben"]
[Black "Stachowiak, Kamil"]
[Result "1/2-1/2"]
[WhiteElo "2297"]
[BlackElo "2456"]
[PlyCount "28"]
[EventDate "2023.??.??"]

1. e4 c5 2. Nf3 e6 3. c3 Nf6 4. Bd3 Nc6 5. Bc2 d6 6. O-O Be7 7. Re1 O-O 8. d4 cxd4 9. cxd4 e5 10. h3 exd4 11. Nxd4 Nxd4 12. Qxd4 Be6 13. Nc3 Qa5 14. Bf4 Rfd8 1/2-1/2

[Event "2BLN 2223 SK Zehlendorf - HSK Lister Tu"]
[Site "?"]
[Date "2023.02.25"]
[Round "7.6"]
[White "Luch, Michal"]
[Black "Pubantz, Jan"]
[Result "1/2-1/2"]
[WhiteElo "2351"]
[BlackElo "2296"]
[PlyCount "31"]
[EventDate "2023.??.??"]

1. d4 d5 2. c4 c6 3. Nf3 Nf6 4. Qc2 g6 5. Bf4 Bg7 6. e3 O-O 7. Nc3 Bg4 8. Ne5 Bf5 9. Qb3 Nbd7 10. Be2 dxc4 11. Qxb7 Nxe5 12. Bxe5 Nd5 13. O-O Bxe5 14. dxe5 Nxc3 15. bxc3 Qd2 16. Bxc4 1/2-1/2

[Event "2BLN 2223 SK Zehlendorf - HSK Lister Tu"]
[Site "?"]
[Date "2023.02.25"]
[Round "7.7"]
[White "Lammers, Markus"]
[Black "Meister, Jakob"]
[Result "1-0"]
[WhiteElo "2317"]
[BlackElo "2445"]
[PlyCount "171"]
[EventDate "2023.??.??"]

1. Nf3 g6 2. d4 Bg7 3. c4 d6 4. Nc3 Bg4 5. e3 c5 6. Be2 Nc6 7. O-O cxd4 8. exd4 Nf6 9. d5 Bxf3 10. Bxf3 Ne5 11. Be2 O-O 12. Be3 a6 13. Qb3 Qc7 14. Bb6 Qc8 15. Rac1 Ned7 16. Na4 Bh6 17. Rc2 Rb8 18. Ba7 Ra8 19. Bd4 Rb8 20. Qd3 b6 21. b4 a5 22. a3 axb4 23. axb4 Qb7 24. Nc3 Ra8 25. Nb5 Bg7 26. h3 Rfd8 27. Qe3 Re8 28. Rd1 Ra4 29. Rb2 Bf8 30. g4 Rea8 31. Rb3 Ne8 32. Bb2 Ra2 33. Bf3 Rc8 34. Be2 Bg7 35. Bxg7 Nxg7 36. Nc3 Ra7 37. Qxe7 Nc5 38. Qxb7 Nxb7 39. Rd4 f5 40. Nb5 Ra1+ 41. Kg2 Ra2 42. Nc3 Ra1 43. Rd2 Rca8 44. Rbb2 Kf7 45. Bd3 fxg4 46. hxg4 h5 47. g5 h4 48. Bb1 Nh5 49. Rd4 h3+ 50. Kh2 R8a3 51. Rd3 Kg7 52. Rxh3 Nd8 53. Ne4 Nf7 54. Rhb3 Nf4 55. Re3 Ne5 56. Nxd6 Ng4+ 57. Kg3 Nxe3 58. fxe3 Nh5+ 59. Kf3 Rc3 60. Nc8 Rxc4 61. Nxb6 Rc1 62. Bc2 Rf1+ 63. Ke4 Rf2 64. Nc4 Rg2 65. b5 Rxg5 66. b6 Nf6+ 67. Kf3 Nd7 68. e4 Rf1+ 69. Ke3 Rf8 70. b7 Rg2 71. e5 Nb8 72. d6 Rff2 73. Kd3 Rg3+ 74. Kd4 Rg4+ 75. Kd5 Rgg2 76. Ne3 Rg3 77. Rb3 Rd2+ 78. Ke4 Rxe3+ 79. Rxe3 Rxc2 80. e6 Kf8 81. e7+ Ke8 82. Rh3 Kd7 83. Rh8 Re2+ 84. Kf3 Re6 85. Rd8+ Kc6 86. Rxb8 1-0

[Event "2BLN 2223 SK Zehlendorf - HSK Lister Tu"]
[Site "?"]
[Date "2023.02.25"]
[Round "7.8"]
[White "Lagunow, Alexander"]
[Black "Gentemann, Moritz"]
[Result "1/2-1/2"]
[WhiteElo "2346"]
[BlackElo "2205"]
[PlyCount "139"]
[EventDate "2023.??.??"]

1. d4 Nf6 2. c4 e6 3. Nc3 d5 4. cxd5 exd5 5. Bg5 c6 6. e3 Be7 7. Qc2 Nbd7 8. Bd3 h6 9. Bh4 Nh5 10. Bxe7 Qxe7 11. Nge2 Nb6 12. h3 Bd7 13. Qb3 Be6 14. g4 Nf6 15. Nf4 Rb8 16. Nxe6 Qxe6 17. Qa3 Ra8 18. O-O-O Qe7 19. Qb3 O-O 20. Kb1 Rfe8 21. Rhg1 Ne4 22. Bxe4 dxe4 23. g5 hxg5 24. Rg4 Qe6 25. Rxg5 Qxb3 26. axb3 Re6 27. Rdg1 g6 28. h4 Rae8 29. h5 Kg7 30. hxg6 fxg6 31. R1g4 Kh6 32. Ra5 a6 33. Rh4+ Kg7 34. Rg5 Nd7 35. Rhg4 Nf8 36. d5 cxd5 37. Rxd5 Nh7 38. Rd7+ R8e7 39. Rxe7+ Rxe7 40. Rxe4 Rd7 41. Re6 Ng5 42. Re5 Nf3 43. Rd5 Rf7 44. Ne4 Kh6 45. b4 Re7 46. Nf6 Kg7 47. Nd7 g5 48. Kc2 Kg6 49. Kd1 g4 50. Ke2 Re4 51. Nc5 Rxb4 52. Nd3 Rb6 53. b4 Rc6 54. Rc5 Rd6 55. Rc7 b6 56. Ra7 b5 57. Rc7 Kf5 58. Rf7+ Kg6 59. Rf8 Kg5 60. Rg8+ Kh4 61. Rg7 Ng1+ 62. Kd2 Nf3+ 63. Kc3 Rc6+ 64. Kb2 Rd6 65. Nc5 Kh3 66. Kc3 Ne5 67. Rg5 Nf3 68. Rg8 Ne5 69. Rg7 Rd1 70. Rg5 1/2-1/2

[Event "2BLN 2223 SF Berlin II - SK Norderstedt"]
[Site "?"]
[Date "2023.02.25"]
[Round "7.1"]
[White "Ostrovskiy, Andrey"]
[Black "Agopov, Mikael"]
[Result "1/2-1/2"]
[WhiteElo "2416"]
[BlackElo "2446"]
[PlyCount "109"]
[EventDate "2023.??.??"]

1. e4 c5 2. Nf3 d6 3. d4 cxd4 4. Nxd4 Nf6 5. Nc3 Nc6 6. Bc4 Qb6 7. Nb3 e6 8. O-O a6 9. Kh1 Be7 10. f4 Qc7 11. Bd3 b5 12. Qe1 Bb7 13. a4 b4 14. Ne2 a5 15. Ned4 Nxd4 16. Nxd4 O-O 17. Bd2 d5 18. e5 Ne4 19. Be3 Bc5 20. Rf3 Qb6 21. Nb3 Bxe3 22. Qxe3 Qxe3 23. Rxe3 f6 24. Nd4 Kf7 25. Kg1 Ke7 26. Rae1 h6 27. Bxe4 dxe4 28. Rg3 g5 29. exf6+ Kxf6 30. fxg5+ hxg5 31. c3 bxc3 32. bxc3 Rg8 33. Rb1 Bd5 34. Kf2 Rab8 35. Nb5 Bc4 36. Ke3 Bd3 37. Rb2 Ke5 38. Rg4 Kd5 39. Rd2 Kc5 40. h3 Rb6 41. h4 e5 42. Rf2 Rbg6 43. h5 Rh6 44. Rf5 Rxh5 45. Rxe5+ Kc6 46. c4 Bxc4 47. Rgxe4 Rh4 48. g3 Rxe4+ 49. Kxe4 g4 50. Nc3 Rd8 51. Rxa5 Rd3 52. Ne2 Ra3 53. Nd4+ Kb6 54. Rg5 Rxg3 55. Kf4 1/2-1/2

[Event "2BLN 2223 SF Berlin II - SK Norderstedt"]
[Site "?"]
[Date "2023.02.25"]
[Round "7.2"]
[White "Baum, Jonasz"]
[Black "Licznerski, Lukasz"]
[Result "0-1"]
[WhiteElo "2431"]
[BlackElo "2459"]
[PlyCount "86"]
[EventDate "2023.??.??"]

1. e4 c6 2. d4 d5 3. e5 Bf5 4. h4 h5 5. Bd3 Bxd3 6. Qxd3 Qa5+ 7. Nd2 e6 8. Ngf3 Nh6 9. O-O Nf5 10. Nb3 Qa6 11. Qd1 Nd7 12. Bg5 f6 13. Bf4 fxe5 14. dxe5 O-O-O 15. Bg5 Re8 16. a4 Be7 17. Bxe7 Rxe7 18. Nbd2 Nh6 19. b4 Ng4 20. b5 cxb5 21. axb5 Qb6 22. Qe2 Kb8 23. Ra2 Qc5 24. Rfa1 Nb6 25. Nb3 Qc4 26. Qe1 Nc8 27. Nfd4 Qc7 28. Na5 Ka8 29. c4 dxc4 30. Nac6 bxc6 31. Nxc6 Rd7 32. Qe4 Rd5 33. g3 Nxe5 34. Nxe5 Qxe5 35. Qxc4 Rxb5 36. Qc6+ Kb8 37. Rd1 Rb6 38. Qa4 Rf8 39. Rd7 Qe1+ 40. Kg2 Rb1 41. Rd1 Qxd1 42. Rb2+ Rxb2 43. Qxd1 Rfxf2+ 0-1

[Event "2BLN 2223 SF Berlin II - SK Norderstedt"]
[Site "?"]
[Date "2023.02.25"]
[Round "7.3"]
[White "Trent, Lawrence"]
[Black "Florstedt, Johannes"]
[Result "1-0"]
[WhiteElo "2402"]
[BlackElo "2375"]
[PlyCount "65"]
[EventDate "2023.??.??"]

1. e4 c5 2. Nf3 d6 3. Bb5+ Bd7 4. Bxd7+ Qxd7 5. c4 e5 6. Nc3 Nc6 7. d3 Be7 8. O-O Bd8 9. a3 Nge7 10. Rb1 Ba5 11. Nd5 Nxd5 12. exd5 Ne7 13. b4 Bb6 14. Be3 cxb4 15. axb4 Bxe3 16. fxe3 O-O 17. e4 Ng6 18. Rb2 Rac8 19. b5 f5 20. Ng5 fxe4 21. Rxf8+ Rxf8 22. Nxe4 a5 23. bxa6 bxa6 24. g3 Ne7 25. Qb1 Qa7+ 26. c5 Qa8 27. Rb7 Nf5 28. c6 Ne3 29. Qc1 Nf5 30. Qg5 h6 31. Qg6 Qd8 32. g4 Ne7 33. Qe6+ 1-0

[Event "2BLN 2223 SF Berlin II - SK Norderstedt"]
[Site "?"]
[Date "2023.02.25"]
[Round "7.4"]
[White "Chatzidakis, Mihail"]
[Black "Barski, Radoslaw"]
[Result "0-1"]
[WhiteElo "2323"]
[BlackElo "2434"]
[PlyCount "78"]
[EventDate "2023.??.??"]

1. e4 c5 2. Nf3 e6 3. g3 Nc6 4. Bg2 Nf6 5. d3 d5 6. Qe2 Be7 7. O-O b6 8. e5 Nd7 9. c4 d4 10. Nfd2 Bb7 11. f4 Qc7 12. Na3 a6 13. Ne4 O-O-O 14. Nc2 h5 15. h4 f6 16. exf6 gxf6 17. f5 e5 18. Bd2 Rdg8 19. Kh2 Rh7 20. Bf3 Nd8 21. b4 Nf7 22. bxc5 Nxc5 23. Nb4 Nxe4 24. Bxe4 Bxb4 25. Bxb4 Rhg7 26. c5 Rxg3 27. c6 Ba8 28. Qxh5 Nd6 29. Bxd6 Qg7 30. Qg6 Rxg6 31. fxg6 Bxc6 32. Rac1 Qh6 33. Rxc6+ Kd7 34. Rxb6 Qxh4+ 35. Kg2 Qg4+ 36. Kf2 Rc8 37. Bf3 Rc2+ 38. Ke1 Qg5 39. Bb4 Qe3+ 0-1

[Event "2BLN 2223 SF Berlin II - SK Norderstedt"]
[Site "?"]
[Date "2023.02.25"]
[Round "7.5"]
[White "Kopylov, Michael"]
[Black "Poltorak, Sebastian"]
[Result "1-0"]
[WhiteElo "2369"]
[BlackElo "2360"]
[PlyCount "77"]
[EventDate "2023.??.??"]

1. d4 Nf6 2. c4 g6 3. g3 Bg7 4. Bg2 d5 5. cxd5 Nxd5 6. e4 Nb6 7. Ne2 c5 8. d5 O-O 9. O-O e6 10. Nec3 Na6 11. a4 exd5 12. exd5 Nc4 13. Nd2 Ne5 14. Nde4 Bg4 15. f3 Bf5 16. Bg5 Qb6 17. a5 Qc7 18. d6 Qc8 19. Nd5 Kh8 20. Be7 Bxe4 21. fxe4 Qd7 22. Qd2 h6 23. Qf4 g5 24. Qf5 Rfd8 25. Nf6 Qxf5 26. Rxf5 Nc6 27. e5 Nab4 28. Bxd8 Rxd8 29. Ng4 Kg8 30. Raf1 Rd7 31. Rf6 h5 32. Nh6+ Bxh6 33. Rxh6 Nxe5 34. Rxh5 f6 35. Rxf6 Kg7 36. Re6 Nf7 37. Be4 Kf8 38. Rh7 Nc6 39. a6 1-0